Macroeconomics : (Record no. 83663)

MARC details
000 -LEADER
fixed length control field 00781nam a22002057a 4500
005 - DATE AND TIME OF LATEST TRANSACTION
control field 20140702124212.0
010 ## - LCCN (DPL NO)
LC control number ENG-109755
020 ## - INTERNATIONAL STANDARD BOOK NUMBER
International Standard Book Number 9788173818882
Terms of availability 550.00
035 ## - SYSTEM CONTROL NUMBER
System control number EN-93288
037 ## - SOURCE OF ACQUISITION
Source of stock number/acquisition DBAD/PUB
082 ## - DEWEY DECIMAL CLASSIFICATION NUMBER
Classification number 339
100 ## - MAIN ENTRY--PERSONAL NAME
Personal name Mukherjee, Sampat
245 00 - TITLE STATEMENT
Title Macroeconomics :
Statement of responsibility, etc by Sampat Mukherjee [and] Sambit Mukherjee
Remainder of title a global text /
260 ## - PUBLICATION, DISTRIBUTION, ETC. (IMPRINT)
Place of publication, distribution, etc Kolkata
Name of publisher, distributor, etc New Central Book Agency
Date of publication, distribution, etc 2013
270 ## - ADDRESS
Address 8/1 Chintamoni Das Lane
City Kolkata
Postal code 700009
300 ## - PHYSICAL DESCRIPTION
Extent xi,964p.
Dimensions 24cm(pbk)
500 ## - GENERAL NOTE
General note
700 ## - ADDED ENTRY--PERSONAL NAME
Personal name Mukherjee, Sambit
942 ## - ADDED ENTRY ELEMENTS (KOHA)
Source of classification or shelving scheme Dewey Decimal Classification
Item type English Books
Call number suffix MUK
Classification part 339
Holdings
Withdrawn status Lost status Not for loan Collection code Home library Current library Date acquired Source of acquisition Cost, normal purchase price Full call number Barcode Copy number Cost, replacement price Koha item type
    Not For Loan Non-fiction D.B.Act.Division D.B.Act.Division 21/04/2014 DBAD/PUB 550.00 339 MUK EN-93288 1 550.00 English Books

© Delhi Public Library
Hit Counter
free hit counter